00377nam a2200133Ia 450000500170000000800410001708200130005810000160007124500290008726000920011630000190020850000060022765000100023320250318154750.0240331s9999 xx 000 0 und d bBALa894 aBaleswari,N 0amaathu enni mannithuvidu a TrincomaleebTrincomalee Sri Patthira Kaliamman Thevasthanam illakiya veliyidu c1993 avii, 213 p ., a  aNovel